[Event "Doeberl Cup 61st"]
[Site "Canberra"]
[Date "2024.04.01"]
[Round "9"]
[White "Litchfield, Frederick"]
[Black "Otsuka, Shou"]
[Result "0-1"]
[WhiteElo "2211"]
[BlackElo "2141"]
[PlyCount "64"]
[EventDate "2024.03.28"]
[EventType "swiss"]
[EventRounds "9"]
[EventCountry "AUS"]
[SourceTitle "CB14_2024"]
[SourceDate "2024.04.01"]
[SourceVersion "1"]
[SourceVersionDate "2024.04.01"]
[SourceQuality "1"]

1. d4 Nf6 2. Nd2 d5 3. Ngf3 c5 4. e3 e6 5. Be2 b6 6. 0-0 Bb7 7. Ne5 Bd6 8. c4 0-0 9. Qc2 Nbd7 10. cxd5 exd5 11. Ndf3 Ne4 12. Rd1 Ndf6 13. dxc5 bxc5 14. b3 Rc8 15. Bb2 Re8 16. Bb5 Re6 17. Qe2 Qc7 18. Nd3 a6 19. Ba4 c4 20. bxc4 dxc4 21. Rdc1 Qa5 22. Qc2 cxd3 23. Qxc8+ Bxc8 24. Rxc8+ Bf8 25. Bb3 Re8 26. Rxe8 Nxe8 27. Ne5 Qd2 28. Bxf7+ Kh8 29. Bd5 N8d6 30. Ba3 Qxf2+ 31. Kh1 d2 32. Bxd6 Qe1+ 0-1

[Event "Doeberl Cup 61st"]
[Site "Canberra"]
[Date "2024.03.31"]
[Round "7"]
[White "Radovanovic, Mihajlo"]
[Black "Otsuka, Shou"]
[Result "0-1"]
[WhiteElo "2464"]
[BlackElo "2141"]
[PlyCount "84"]
[EventDate "2024.03.28"]
[EventType "swiss"]
[EventRounds "9"]
[EventCountry "AUS"]
[SourceTitle "CB14_2024"]
[SourceDate "2024.04.01"]
[SourceVersion "1"]
[SourceVersionDate "2024.04.01"]
[SourceQuality "1"]

1. Nf3 Nf6 2. c4 e6 3. Nc3 d5 4. d4 Nbd7 5. g3 dxc4 6. Bg2 Be7 7. Nd2 e5 8. Nxc4 exd4 9. Qxd4 Bc5 10. Qf4 0-0 11. Be3 a5 12. Rd1 Bxe3 13. Nxe3 Nh5 14. Qf3 Nhf6 15. Qf4 Nh5 16. Qc4 c6 17. g4 Nhf6 18. g5 Ne8 19. Bh3 Qc7 20. Qd4 Ne5 21. Bxc8 Rxc8 22. f4 Ng6 23. f5 Ne5 24. Ne4 f6 25. Rg1 Qe7 26. h4 Kh8 27. h5 fxg5 28. h6 g4 29. hxg7+ Qxg7 30. f6 Nxf6 31. Nf5 Qg6 32. Ned6 Rce8 33. Nxe8 Rxe8 34. Ne3 Qg5 35. Rf1 c5 36. Qf4 Qh4+ 37. Rf2 Nh5 38. Qh2 Qg5 39. Rf5 Qxf5 40. Nxf5 Nf3+ 41. Kf2 Nxh2 42. Kg1 g3 0-1

[Event "Doeberl Cup 61st"]
[Site "Canberra"]
[Date "2024.03.29"]
[Round "3"]
[White "Morris, James"]
[Black "Otsuka, Shou"]
[Result "1-0"]
[WhiteElo "2418"]
[BlackElo "2141"]
[PlyCount "73"]
[EventDate "2024.03.28"]
[EventType "swiss"]
[EventRounds "9"]
[EventCountry "AUS"]
[SourceTitle "CB14_2024"]
[SourceDate "2024.04.01"]
[SourceVersion "1"]
[SourceVersionDate "2024.04.01"]
[SourceQuality "1"]

1. Nf3 d5 2. b3 c5 3. e3 Nf6 4. Bb2 e6 5. c4 Nc6 6. cxd5 exd5 7. Bb5 Bd7 8. 0-0 Bd6 9. d4 cxd4 10. Nxd4 0-0 11. Be2 Re8 12. Nd2 Rc8 13. Nxc6 bxc6 14. Rc1 Qe7 15. g3 Bh3 16. Re1 Qe6 17. Bxf6 gxf6 18. Nf3 c5 19. Nh4 f5 20. Bd3 Qf6 21. Bf1 Bxf1 22. Rxf1 d4 23. exd4 cxd4 24. Rxc8 Rxc8 25. Qf3 Rc3 26. Qa8+ Kg7 27. Qxa7 d3 28. Qd7 Rc5 29. Rd1 Rd5 30. Qc6 Qe5 31. Nf3 Qe4 32. Kg2 Bb4 33. a3 Bxa3 34. Qc3+ Kg6 35. Re1 Bb4 36. Qc6+ Rd6 37. Rxe4 1-0

[Event "Budapest FS02 IM"]
[Site "Budapest"]
[Date "2023.02.06"]
[Round "3"]
[White "Otsuka, Shou"]
[Black "Apaar, Saxena"]
[Result "1/2-1/2"]
[WhiteElo "2158"]
[BlackElo "1965"]
[PlyCount "65"]
[EventDate "2023.02.04"]
[EventType "tourn"]
[EventRounds "9"]
[EventCountry "HUN"]
[SourceTitle "CBM 212 Extra"]
[Source "ChessBase"]
[SourceDate "2023.03.31"]
[SourceVersion "1"]
[SourceVersionDate "2023.03.31"]
[SourceQuality "1"]

1. e4 e5 2. Nf3 Nc6 3. Bb5 Nf6 4. 0-0 Nxe4 5. Re1 Nd6 6. a4 Be7 7. Nc3 0-0 8. d4 Nxb5 9. axb5 Nxd4 10. Nxd4 exd4 11. Nd5 Bf6 12. Qf3 d6 13. Nxf6+ Qxf6 14. Qxf6 gxf6 15. Bh6 Rd8 16. Re7 Bf5 17. Rxc7 Rd7 18. Rxd7 Bxd7 19. Rd1 Re8 20. f3 f5 21. Rxd4 Re6 22. Bf4 Bxb5 23. c4 Ba6 24. b4 b5 25. cxb5 Bxb5 26. Bxd6 Kg7 27. Rd2 a6 28. Kf2 Kg6 29. g3 Re8 30. Bc5 Re6 31. Be3 h5 32. Rd8 Re8 33. Rd6+ 1/2-1/2

[Event "Tokyo op"]
[Site "Tokyo"]
[Date "2022.11.05"]
[Round "6"]
[White "Shiomi, Ryo"]
[Black "Otsuka, Shou"]
[Result "0-1"]
[WhiteElo "2063"]
[BlackElo "2118"]
[PlyCount "78"]
[EventDate "2022.11.03"]
[EventType "swiss"]
[EventRounds "7"]
[EventCountry "JPN"]
[SourceTitle "EXT 2024"]
[Source "ChessBase"]
[SourceDate "2023.10.10"]
[SourceVersion "1"]
[SourceVersionDate "2023.10.10"]
[SourceQuality "1"]

1. e4 d6 2. d4 Nf6 3. Nc3 e5 4. Nge2 Be7 5. g3 c6 6. a4 0-0 7. Bg2 a5 8. 0-0 Na6 9. h3 Nb4 10. Be3 d5 11. dxe5 Nxe4 12. Nxe4 dxe4 13. c3 Qxd1 14. Raxd1 Nd3 15. g4 h5 16. Nf4 Nxb2 17. Rd4 hxg4 18. e6 g5 19. exf7+ Kxf7 20. Ne2 gxh3 21. Bxe4 Bf6 22. Rd6 Nxa4 23. Bc2 Be5 24. Rh6 Nxc3 25. Nxc3 Bxc3 26. Rd1 Bg4 27. Rdd6 Rh8 28. Bb3+ Ke8 29. Bd2 Rxh6 30. Rxh6 Bxd2 31. Rh8+ Kd7 32. Rxa8 Bf4 33. Rh8 b5 34. f3 Bxf3 35. Rxh3 Bd5 36. Bc2 a4 37. Kf2 Kd6 38. Ke2 Kc5 39. Kd3 a3 0-1

[Event "Tokyo op"]
[Site "Tokyo"]
[Date "2022.11.04"]
[Round "4"]
[White "Kojima, Shinya"]
[Black "Otsuka, Shou"]
[Result "1-0"]
[WhiteElo "2330"]
[BlackElo "2118"]
[PlyCount "81"]
[EventDate "2022.11.03"]
[EventType "swiss"]
[EventRounds "7"]
[EventCountry "JPN"]
[SourceTitle "EXT 2024"]
[Source "ChessBase"]
[SourceDate "2023.10.10"]
[SourceVersion "1"]
[SourceVersionDate "2023.10.10"]
[SourceQuality "1"]

1. e4 d6 2. d4 Nf6 3. Nc3 e5 4. Nf3 Nbd7 5. Bc4 Be7 6. a4 0-0 7. 0-0 c6 8. Re1 exd4 9. Nxd4 Ne5 10. Ba2 Re8 11. h3 Ng6 12. Be3 Bf8 13. Qf3 c5 14. Nde2 Nh4 15. Qf4 Ng6 16. Qg3 Rxe4 17. Nxe4 Nxe4 18. Qf3 d5 19. Rad1 Be6 20. Nf4 Ng5 21. Qh5 d4 22. Nxg6 hxg6 23. Bxg5 gxh5 24. Bxd8 Bxa2 25. Be7 Be6 26. Bxf8 Kxf8 27. Re5 b6 28. Rxh5 Ke7 29. f4 f6 30. Kf2 Bd7 31. b3 Bc6 32. a5 Kf7 33. b4 Be4 34. bxc5 Rd8 35. cxb6 axb6 36. axb6 f5 37. Rd2 Ke6 38. c3 d3 39. Ke3 Rb8 40. Rg5 Rxb6 41. Rg6+ 1-0